Statistics for Famous "Bergs"

Click here to take the quiz!

General Stats

  • This quiz has been taken 10,282 times
  • The average score is 12 of 20

Answer Stats

HintAnswer% Correct
"Jaws" directorSteven Spielberg
91%
Capital of ScotlandEdinburgh
90%
"Sister Act" starWhoopi Goldberg
90%
Founder of FacebookMark Zuckerberg
88%
City formerly called LeningradSaint Petersburg
85%
America's "Steel City"Pittsburgh
81%
Bloodiest U.S. Civil War battleGettysburg
75%
Site of Nazi war crime trialsNuremberg
75%
Printing press pioneerJohannes Gutenberg
67%
Notable Berlin gateBrandenburg
66%
Where Mozart was bornSalzburg
58%
Billionaire and former NYC mayorMichael Bloomberg
57%
Sweden's second largest cityGothenburg
54%
Biggest city on the Elbe riverHamburg
54%
Parliamentary capital of the EUStrasbourg
50%
Actor who portrayed the aboveJesse Eisenberg
46%
Judicial capital of the EULuxembourg
36%
Leader of the Funky BunchMark Wahlberg
35%
Scientist who formulated the
"uncertainty" principle
Werner Heisenberg
34%
Prussian city annexed by Russia
and renamed Kaliningrad
Königsberg
21%

Score Distribution

Percentile by Number Answered

Percent of People with Each Score

Your Score History

You have not taken this quiz